[Event "Izmir op 18th"]
[Site "Izmir"]
[Date "2019.09.02"]
[Round "1"]
[White "Kamer, Kayra"]
[Black "Kose, Arat Uygar"]
[Result "1-0"]
[WhiteElo "2304"]
[BlackElo "1415"]
[PlyCount "79"]
[EventDate "2019.09.02"]
[EventType "swiss"]
[EventRounds "9"]
[EventCountry "TUR"]
[SourceTitle "EXT 2020"]
[Source "ChessBase"]
[SourceDate "2019.10.17"]
[SourceVersion "1"]
[SourceVersionDate "2019.10.17"]
[SourceQuality "1"]

1. e4 c5 2. Nf3 d6 3. d4 cxd4 4. Nxd4 Nf6 5. Nc3 g6 6. Be3 Bg7 7. Bc4 0-0 8. f3 Nc6 9. Bb3 Bd7 10. Qd2 Rc8 11. h4 h5 12. 0-0-0 Ne5 13. Bh6 Nc4 14. Bxc4 Rxc4 15. Bxg7 Kxg7 16. g4 hxg4 17. h5 Nxh5 18. Rxh5 Rh8 19. Rxh8 Qxh8 20. Qe2 Qc8 21. Qe3 e5 22. Nde2 gxf3 23. Qxf3 Bg4 24. Qe3 Qc5 25. Qxc5 dxc5 26. Kd2 f5 27. exf5 gxf5 28. b3 Rb4 29. Re1 Rb6 30. Nd5 Rd6 31. c4 Kf7 32. Nec3 e4 33. Rh1 Kg6 34. Ke3 Rd7 35. Kf4 Bf3 36. Rg1+ Kf7 37. Rg5 Ke6 38. Rg6+ Kf7 39. Rf6+ Kg7 40. Rxf5 1-0